000
00360nam a2200169Ia 4500
100
_a
Rangan/C.S/ Sharma/G.R
650
_a
INSTRUMENTATION
250
_a
2
942
_c
BK
366
_f
20
245
_a
Instrumentation:Devices and systems
260
_b
McGraw Hill
_c
1997
082
_a
621.112
_b
RAN
300
_a
549
546
_a
ENGLISH
999
_c
22789
_d
22789